Fracturas y traumatismos articulares / (Record no. 134362)

MARC details
000 -LEADER
campo de control de longitud fija 00701nam a2200217 i 4500
001 - NÚMERO DE CONTROL
campo de control 134362
003 - IDENTIFICADOR DE NÚMERO DE CONTROL
campo de control ES-MaACL
005 - FECHA Y HORA DE LA ÚLTIMA TRANSACCIÓN
campo de control 20230906194646.0
007 - CAMPO FIJO DE DESCRIPCIÓN FÍSICA--INFORMACIÓN GENERAL
campo de control de longitud fija t|
008 - DATOS DE LONGITUD FIJA--INFORMACIÓN GENERAL
campo de control de longitud fija 070910s1945 sp ||||1| spa d
080 ## - NÚMERO DE LA CLASIFICACIÓN DECIMAL UNIVERSAL
Número de la Clasificación Decimal Universal 616.72-001
080 ## - NÚMERO DE LA CLASIFICACIÓN DECIMAL UNIVERSAL
Número de la Clasificación Decimal Universal 616.001-5
100 1# - ENTRADA PRINCIPAL--NOMBRE DE PERSONA
Nombre de persona Watson-Jones, Reginald.
9 (RLIN) 116202
245 10 - MENCIÓN DEL TÍTULO
Título Fracturas y traumatismos articulares /
Mención de responsabilidad, etc. por Reginald Watson-Jones ; traducción del inglés por F. Doménech-Alsina.
250 ## - MENCION DE EDICION
Mención de edición 1ª ed.
260 ## - PUBLICACIÓN, DISTRIBUCIÓN, ETC.
Lugar de publicación, distribución, etc. Barcelona :
Nombre del editor, distribuidor, etc. Salvat,
Fecha de publicación, distribución, etc. 1945.
300 ## - DESCRIPCIÓN FÍSICA
Extensión XIX, 990 p., 98 lám. :
Otras características físicas il. ;
Dimensiones 26 cm.
650 14 - PUNTO DE ACCESO ADICIONAL DE MATERIA--TÉRMINO DE MATERIA
Término de materia o nombre geográfico como elemento de entrada Articulaciones-
Subdivisión general Heridas y lesiones.
9 (RLIN) 10350
700 1# - ENTRADA AGREGADA--NOMBRE PERSONAL
Nombre de persona Doménech-Alsina, F.
9 (RLIN) 45088
852 ## - LOCALIZACIÓN
Ubicación ES-MaACL
Número de control de estantería E-71
Sublocalización o colección R.21441
Holdings
Estatus retirado Estado de pérdida Estado de daño No para préstamo Biblioteca de origen Biblioteca actual Ubicación en estantería Fecha de adquisición Fuente de adquisición Total de préstamos Signatura topográfica completa Código de barras Visto por última vez Precio de reemplazo Tipo de ítem Koha
        Biblioteca del Ateneo de Madrid Biblioteca del Ateneo de Madrid Depósito 2 17/01/2008     E-71 1139859 23/02/2023 23/02/2023 Libro impreso